| 000 | 00540nam a2200193 a 4500 | ||
|---|---|---|---|
| 001 | 3613 | ||
| 003 | CDMR | ||
| 005 | 20131126154415.0 | ||
| 008 | 130130s1984||||||||||||||||||||||||||||d | ||
| 020 | _a8486324009 | ||
| 040 |
_aCDMR _bcat _cCDMR |
||
| 100 | 1 |
_aFernández De Castro, Ignacio _92579 |
|
| 245 | 1 | 0 |
_aTigres de papel _b: [la prensa] _cIgnacio Fernández de Castro |
| 260 |
_aMadrid _c1984 _bEDE |
||
| 300 | _a115 p. | ||
| 650 | 0 | 4 |
_92305 _aComunicació _xAspectes polítics |
| 650 | 0 | 4 |
_91544 _aPeriodisme _xInfluència |
| 942 |
_cMON _2udc |
||
| 999 |
_c3613 _d3613 |
||